| 000 | 004550000a22001690004500 | ||
|---|---|---|---|
| 003 | MACL | ||
| 005 | 20160101161143.0 | ||
| 008 | 160101b xxu||||| |||| 00| 0 eng d | ||
| 040 |
_aMACL _cMACL |
||
| 041 | _aEnglish | ||
| 082 | _a403/SHA | ||
| 100 |
_aSharma, Jagdish Saran _926645 |
||
| 245 | _aThe National Geographical Dictionary of India | ||
| 260 |
_bSterling Publishing _c1972 _aNew Delhi |
||
| 650 |
_aGeography _926646 |
||
| 942 |
_cBK _k403/Sha _2ddc |
||
| 999 |
_c35871 _d35871 |
||